Treasury of life and literature. Vol 1 (Record no. 1326712)

MARC details
000 -LEADER
fixed length control field 00472nam a2200169Ia 4500
005 - DATE AND TIME OF LATEST TRANSACTION
control field 20250508150944.0
008 - FIXED-LENGTH DATA ELEMENTS--GENERAL INFORMATION
fixed length control field 008 250505s9999 xx 000 0 eng d
037 ## - SOURCE OF ACQUISITION
Stock number Books to be hide in OPAC
040 ## - CATALOGING SOURCE
Original cataloging agency FEDL
Language of cataloging eng
Transcribing agency FEDL
041 ## - LANGUAGE CODE
Language code of text/sound track or separate title eng
Source of code eng
084 ## - COLON CLASSIFICATION NUMBER
Classification number 428, LYM/O
Assigning agency FEDL
100 ## - MAIN ENTRY--PERSONAL NAME
Personal name Lyman and others
9 (RLIN) 758036
245 #0 - TITLE STATEMENT
Title Treasury of life and literature. Vol 1
300 ## - PHYSICAL DESCRIPTION
Extent xviii,496p.
942 ## - ADDED ENTRY ELEMENTS (KOHA)
Koha item type Books to be hide in OPAC
Classification part 428, LYM/O
Holdings
Withdrawn status Lost status Damaged status Not for loan Home library Current library Date acquired Total Checkouts Full call number Barcode Date last seen Price effective from Koha item type
        Department of Education Library Department of Education Library 2025-05-08   428, LYM/O EL0006431 2025-05-08 2025-05-08 Books to be hide in OPAC
Copyright @ Delhi University Library System